Statistics for Justin Bieber Charting Songs (Billboard Club Play)

Click here to take the quiz!

General Stats

  • This quiz has been taken 3 times
  • The average score is 12 of 15

Answer Stats

AlbumWeeks OnPeakArtist(s)Song% Correct
Believe14 Weeks#1 (1 Week)Justin Bieber ft. Nicki MinajBeauty and a Beat
100%
Believe11 Weeks#12Justin BieberBoyfriend
100%
Major Lazer Essentials15 Weeks#1 (1 Week)Major Lazer ft. Justin Bieber & MOCold Water
100%
Vida18 Weeks#8Luis Fonsi & Daddy Yankee ft. Justin BieberDespacito
100%
Purpose11 Weeks#22Justin BieberLove Yourself
100%
Purpose19 Weeks#1 (1 Week)Justin BieberSorry
100%
#willpower10 Weeks#10will.i.am ft. Justin Bieber#thatPOWER
100%
Purpose16 Weeks#1 (1 Week)Justin BieberWhat Do You Mean?
100%
715 Weeks#2David Guetta ft. Justin Bieber2U
67%
No. 6 Collaborations Project15 Weeks#28Ed Sheeran & Justin BieberI Don't Care
67%
Grateful9 Weeks#33DJ Khaled ft. Justin Bieber, Chance The Rapper, Quavo & Lil WayneI'm the One
67%
Skrillex and Diplo Present Jack U9 Weeks#32Skrillex & Diplo ft. Justin BieberWhere Are U Now
67%
Believe11 Weeks#13Justin Bieber ft. Big SeanAs Long As You Love Me
33%
Non-Album Single5 Weeks#42Justin Bieber & BloodPopFriends
33%
Encore16 Weeks#19DJ Snake ft. Justin BieberLet Me Love You
33%

Score Distribution

Percentile by Number Answered

Percent of People with Each Score

Your Score History

You have not taken this quiz